| 000 | 00881nam a22002537a 4500 | ||
|---|---|---|---|
| 999 |
_c5600 _d5600 |
||
| 003 | AR-CdUCM | ||
| 008 | 190312b ||||| |||| 00| 0 spa d | ||
| 040 |
_aMUNICIPALIDAD PROVINCIAL DEL CUSCO _cBIBLIOTECA MUNICIPAL DEL CUSCO |
||
| 082 |
_a985.009 / _bUN53 |
||
| 245 |
_aHipolito Unanue; Rodriguez de Mendoza / _bPercy Cayo Córdova; Oscar Noé Zevallos |
||
| 260 |
_aLima : _bUniversitaria, _c1964. |
||
| 300 |
_a102 páginas ; _c19 cm. |
||
| 440 |
_aBiblioteca hombres del Perú _n: VIII _916749 |
||
| 440 |
_aPrimera serie. _99550 |
||
| 500 | _aDonación de la familia Nieto. | ||
| 650 |
_aBiografías _9148 |
||
| 650 |
_aHipolito Unanue _96312 |
||
| 650 |
_aRodriguez de Mendoza _916750 |
||
| 650 |
_aHombres del Perú - Biografías _92160 |
||
| 700 |
_aCayo Córdova, Percy _916751 |
||
| 700 |
_aZevallos, Oscar Noé _916752 |
||
| 942 |
_2ddc _cLIBROS |
||
| 945 | _alccs | ||